7.Horrofilm-Duell: Babadook vs. Pinhead - Statistiken

Allgemein
  • Dieses Quiz wurde 2 mal gespielt
  • Das Durchschnittsergebnis liegt bei 7 aus 12
Antwortstatistiken
Frage Antwort % Korrekt
Psychologischer Horror Babadook
100%
Opferzahl Pinhead
100%
Brutalität Pinhead
100%
Wiedererkennungswert Pinhead
50%
Intelligenz Pinhead
50%
Horrorikonenstatus Pinhead
50%
Ausstrahlung Pinhead
50%
Physische Kraft Pinhead
50%
Kreativität Pinhead
50%
Sieger Pinhead
50%
Unsterblichkeit Pinhead
0%
Übernatürliche Kräfte Pinhead
0%
Keine übereinstimmenden Quizze gefunden
Verteilung der Resultate
Anzahl Personen mit jedem Resultat
Perzentil nach korrekt beantworteten Fragen
Ihre Resultats-Entwicklung
Sie haben dieses Quiz noch nicht gespielt